LDR 00765nam a2200217 u 4500 001 000000030666 003 CaOOAMICUS 005 20070226112044.0 008 970918s1920 it u000 u ita u 035 $a10769839 040 $aPUL(R)$bita 100 1 $aPeserico, Luigi.$0(OLS)http://pul/name/24657 245 10$aQuanto visse Gesù /$cLuigi Peserico. 260 $aVicenza :$bTip. Pont. Vesc. S. Giuseppe,$c1920. 300 $a143 p. ;$c25 cm 850 $aPUL 852 $aPUL$W1$xDP2 Religione 1$y63$m1(5) D 20$j42389$nBK-PRI$qStampati$B42389$CPULBib$Z2$F42389 $82 941 1 $a8 961 $aINV: 29153 996 $6245$aQuanto visse Gesù$9(OLS)http://pul/title/42121 996 $6260$aVicenza :$bTip. Pont. Vesc. S. Giuseppe$9(OLS)http://pul/publisher/60740